| 000 | 00629nam a2200181Ia 4500 | ||
|---|---|---|---|
| 999 |
_c2607 _d2607 |
||
| 008 | 200103s 1999 ||||xx |||||||||||||| ||und|| | ||
| 020 | _a1856091724 | ||
| 082 |
_a363.1798 _bICS |
||
| 110 | _aInternational chamber of shipping and OCIMF | ||
| 245 | 2 | _aA contingency planning and crew response guide for gas carrier damage at sea and in port approaches | |
| 250 | _a3rd | ||
| 260 |
_bInternational Chamber of Shipping and OCIMF _c1999 _aLondon |
||
| 300 | _avi, 36p. | ||
| 650 | _aCasualty teams and control centres | ||
| 650 | _aBuoyancy, strength and stability calculations | ||
| 650 | _aJettisoning | ||
| 942 | _cBK | ||